01079nab a22001817a 4500003000400000005001700004008004100021040000700062100002000069245012600089260007300215300001200288500003500300505031300335505008100648650001800729773015000747OSt20260202111703.0190429b xxu||||| |||| 00| 0 spa d cPJ aErbetta, Daniel10aResponsabilidad penal de las personas jurídicas y programas de cumplimiento en el derecho argentino / cDaniel Erbetta. cCiudad Autónoma de Buenos Aires :aThomson Reuters La Ley, b2023. ap. 5-12 aCita Online: AR/DOC/1518/2023. aSumario: I. Introducción.— II. Genealogía y justificaciones.— III. Las elaboraciones conceptuales.— IV. Estado actual de la cuestión en el derecho y jurisprudencia.— V. El desorden normativo y sus niveles de operatividad.— VI. El anclaje constitucional y convencional.— VII. Conclusiones.  tSi te interesa el texto completo, solicitalo a koha@justierradelfuego.gov.ar 0aDERECHO PENAL0 02658tRevista de derecho penal y criminología. Nº 7 - Agosto 2023dCiudad Autónoma de Buenos Aires : Thomson Reuters La Ley, 2017-x00347914